[Event "TUR Cup"]
[Site "Denizli"]
[Date "2023.07.17"]
[Round "3"]
[White "Akgul, Emre Ramazan"]
[Black "Ulupinar, Furkan"]
[Result "0-1"]
[WhiteElo "1619"]
[BlackElo "1605"]
[PlyCount "150"]
[EventDate "2023.07.16"]
[EventType "team-tourn"]
[EventRounds "9"]
[EventCountry "TUR"]
[SourceTitle "CBM 215 Extra"]
[Source "ChessBase"]
[SourceDate "2023.09.30"]
[SourceVersion "1"]
[SourceVersionDate "2023.09.30"]
[SourceQuality "1"]

1. e4 c5 2. Nf3 Nc6 3. d4 cxd4 4. Nxd4 g6 5. c4 Nf6 6. Nc3 Nxd4 7. Qxd4 d6 8. Be2 Bg7 9. Be3 0-0 10. Qd2 Be6 11. Rb1 a5 12. f3 a4 13. 0-0 Qa5 14. Rfc1 Rfc8 15. b4 axb3 16. axb3 Qb4 17. Na4 Qxd2 18. Bxd2 Nd7 19. Bc3 Bh6 20. Rc2 f5 21. Bd3 Ne5 22. Bxe5 Be3+ 23. Kf1 dxe5 24. exf5 gxf5 25. Re1 Bd4 26. f4 e4 27. Rce2 Bd7 28. Bc2 Bc6 29. Rd1 Ba7 30. Nc3 e6 31. Ree1 Rd8 32. Rxd8+ Rxd8 33. Rd1 Rxd1+ 34. Bxd1 Bd4 35. Nb5 Bc5 36. Nc3 Kf7 37. Bh5+ Kf6 38. Ke2 Bd6 39. g3 Bc5 40. h3 e5 41. Nd5+ Ke6 42. Nc7+ Kd7 43. Nd5 exf4 44. gxf4 Ke6 45. Nc7+ Kd7 46. Nd5 Bd6 47. Ke3 Ke6 48. Nc3 Ba3 49. Ne2 Bc5+ 50. Kd2 b5 51. Ng3 Bf2 52. Ne2 b4 53. Nc1 Bd7 54. Ke2 Bc5 55. Kf1 Be3 56. Ne2 Kd6 57. Bf7 Ke7 58. Bd5 Be8 59. Bg8 Bg6 60. Bd5 Kf6 61. h4 Bh5 62. c5 Bxc5 63. Ng3 Bf3 64. Bg8 h6 65. Bh7 Bg4 66. Ne2 Be3 67. Bg8 Bxe2+ 68. Kxe2 Bxf4 69. h5 Ke5 70. Bh7 Bg5 71. Bg6 f4 72. Be8 f3+ 73. Kf2 Kf4 74. Bc6 Bh4+ 75. Kf1 e3 0-1

[Event "TUR-chT 2nd League"]
[Site "Konya"]
[Date "2017.07.20"]
[Round "5.8"]
[White "Akgul, Emre Ramazan"]
[Black "Ertas, Deniz"]
[Result "0-1"]
[WhiteElo "1615"]
[BlackElo "1799"]
[PlyCount "58"]
[EventDate "2017.07.17"]
[EventType "team-swiss"]
[EventRounds "9"]
[EventCountry "TUR"]
[SourceTitle "CBM 179 Extra"]
[Source "ChessBase"]
[SourceDate "2017.08.23"]
[SourceVersion "1"]
[SourceVersionDate "2017.08.23"]
[SourceQuality "1"]
[WhiteTeam "Gaziante Seviye"]
[BlackTeam "Bursa Nida"]
[WhiteTeamCountry "TUR"]
[BlackTeamCountry "TUR"]

1. b4 c5 2. bxc5 e5 3. Bb2 Nc6 4. Nf3 Bxc5 5. e3 d6 6. d4 Bb4+ 7. c3 Ba5 8. Bb5 e4 9. d5 a6 10. Ba4 b5 11. dxc6 bxa4 12. Nfd2 Nf6 13. Qxa4 0-0 14. Nxe4 Nxe4 15. Qxe4 d5 16. Qf3 Qg5 17. Ba3 Re8 18. 0-0 Bc7 19. h3 Re4 20. Rd1 Be6 21. Nd2 Rh4 22. Kf1 Re8 23. Bc5 Bf5 24. Bd4 Bd3+ 25. Kg1 Re6 26. g3 Rxh3 27. Qg2 Qh5 28. g4 Qh6 29. f3 Rh2 0-1